| 000 | 00424cam a22001331 4500 | ||
|---|---|---|---|
| 082 | 0 | 0 |
_a355.009273 _bFUL _cD |
| 100 | 1 |
_aFuller, J. F. C. _937121 |
|
| 245 | 1 | 0 |
_aGrant & Lee, a study in personality and generalship. _cJ. F. C. Fuller |
| 260 |
_aBloomington, _bIndiana University Press, _c1832 |
||
| 300 |
_a323 p. _billus., maps. _c21 cm. |
||
| 526 |
_a0 _b0 _c0 _d355_009273000000000_FUL |
||
| 650 |
_aMCE _9379 |
||
| 942 |
_2ddc _cBK |
||
| 999 |
_c552110 _d552110 |
||